00401 2200169 4500245003700000020002200037250000900059100001900068700001900087650002000106005001900126260003100145041001400176084001100190300002100201336000900222 aNasi LemakcSaad PamungkashText a978-623-244-438-6 a2020 aSaad Pamungkas aHerman Adamson aFiksi Indonesia a20240906130506 aYogyakartabHisteriac2020 aIndonesia a808.83 a318 hlm :c20 cm atext